Modern Trends in Commercial Marketing in Slovakian Companies

Nástroje online marketingu, aplikácia v slovenských podnikoch. Marketingová komunikácia a informačné technológie. Search Engine Marketing, Social Media Marketing, Banner Advertising, Affiliate Marketing, Email Marketing, Viral Marketing.

Gespeichert in:
Bibliographische Detailangaben
1. Verfasser: Majtán, Štefan
Format: Buchkapitel
Sprache:Englisch
Schlagworte:
Tags: Tag hinzufügen
Keine Tags, Fügen Sie das erste Tag hinzu!

MARC

LEADER 00000naa a2200000 4500
001 0193990
005 20240522130813.7
041 0 |a eng 
044 |a PL 
245 1 0 |a Modern Trends in Commercial Marketing in Slovakian Companies  |c Štefan Majtán 
520 |a Nástroje online marketingu, aplikácia v slovenských podnikoch. Marketingová komunikácia a informačné technológie. Search Engine Marketing, Social Media Marketing, Banner Advertising, Affiliate Marketing, Email Marketing, Viral Marketing. 
610 2 0 |a marketing elektronický 
610 2 0 |a siete sociálne 
610 2 0 |a siete počítačové 
610 2 0 |a podnik 
610 2 0 |a Slovensko 
610 2 0 |a technológie informačné 
610 2 0 |a technológie komunikačné 
610 2 0 |a komunikácia marketingová 
100 1 |a Majtán, Štefan